00968cam a2200265 a 450000100100000000500170001000800410002703500190006803500190008704000330010608200170013910000280015624500650018426000400024930000210028950400330031060000580034365000370040165100590043865000330049791000280053004900090055895201200056799900150068700000692620200929154025.0830307s1964 cl b 000 0 spa  a(DLC) 65056441 a(OCoLC)9285798 aDO-SdBNPcICarbSdOCoLCdDLC a923.1bR741e1 aRojas, Robinson.91920210aEstos mataron a Kennedy! :bReportaje de un golpe de estado. aBuenos Aires :bAldina,1964,c1964. a154 p. ;c21 cm. aBibliografías: p. 153-154.10aKennedy, John F.q(John Fitzgerald),d1917-196393189 4aAsesinatozEstados Unidos919203 4aEstados UnidosxPolítica Y GobiernoySIGLO XX919204 4aNegocios y política919205 aCatalogación derivada aBNGR 001053708MOaGRbGRd2010-01-19iLF1l0o923.1 R741ep6926-10r2020-06-25w2020-06-25y3ZPréstamo restringido c6710d6710